[Event "Ruhrgebiet Verbandsliga Gruppe 1 1617"]
[Site "Germany"]
[Date "2017.01.29"]
[Round "6.8"]
[White "Steinke, Matthias"]
[Black "Tochtrop, Lothar"]
[Result "1-0"]
[WhiteElo "1815"]
[BlackElo "1844"]
[PlyCount "59"]
[EventDate "2016.09.04"]
[EventType "team-tourn"]
[EventRounds "9"]
[EventCountry "GER"]
[SourceTitle "EXT 2022"]
[Source "ChessBase"]
[SourceDate "2021.10.06"]
[SourceVersion "1"]
[SourceVersionDate "2021.10.06"]
[SourceQuality "1"]
[WhiteTeam "Gerthe Werne"]
[BlackTeam "Bottrop SV"]
[WhiteTeamCountry "GER"]
[BlackTeamCountry "GER"]

1. d4 Nf6 2. Nf3 d5 3. Bf4 g6 4. e3 Bg7 5. Nbd2 0-0 6. h3 Nbd7 7. Bd3 c5 8. c3 Nh5 9. Bh2 f5 10. 0-0 Nhf6 11. Ne5 Nxe5 12. Bxe5 Nd7 13. Bxg7 Kxg7 14. Nf3 Re8 15. dxc5 a6 16. Bc2 e6 17. Ba4 Rf8 18. Bxd7 Bxd7 19. Qd4+ Kg8 20. Qe5 Rc8 21. Qd4 Qc7 22. b4 Bb5 23. Rfc1 f4 24. Ne5 fxe3 25. fxe3 Rf5 26. Ng4 e5 27. Qxd5+ Kg7 28. Qd6 Qxd6 29. cxd6 Bd3 30. c4 1-0

[Event "Ruhrgebiet Verbandsklasse Gruppe 2 1516"]
[Site "Germany"]
[Date "2015.11.08"]
[Round "3.6"]
[White "Steinke, Matthias"]
[Black "Dreier, Daniel"]
[Result "0-1"]
[WhiteElo "1838"]
[BlackElo "1887"]
[PlyCount "90"]
[EventDate "2015.09.06"]
[EventType "team-tourn"]
[EventRounds "9"]
[EventCountry "GER"]
[SourceTitle "EXT 2022"]
[Source "ChessBase"]
[SourceDate "2021.10.06"]
[SourceVersion "1"]
[SourceVersionDate "2021.10.06"]
[SourceQuality "1"]
[WhiteTeam "Gerthe Werne"]
[BlackTeam "Eichlinghofen SV"]
[WhiteTeamCountry "GER"]
[BlackTeamCountry "GER"]

1. d4 Nf6 2. Nf3 d5 3. Bf4 e6 4. e3 Bd6 5. Ne5 0-0 6. Bd3 Nc6 7. Nd2 Nb4 8. Be2 Ne4 9. a3 Nxd2 10. Qxd2 Nc6 11. Nxc6 bxc6 12. Bxd6 cxd6 13. 0-0 e5 14. Rfd1 e4 15. c4 Be6 16. cxd5 Bxd5 17. Rdc1 Qb6 18. Bc4 Bxc4 19. Rxc4 a5 20. Rac1 Rac8 21. d5 c5 22. Rxe4 Rb8 23. Rc2 Rb7 24. Ra4 Ra8 25. g3 Qb5 26. Rac4 h6 27. e4 Re8 28. Qf4 Qd7 29. Kg2 Re5 30. Qd2 Qe7 31. f3 Rb5 32. Qd3 Qb7 33. Qd2 f5 34. Ra4 Qe7 35. Qd3 Qb7 36. Qe2 fxe4 37. fxe4 Qb6 38. Rac4 Rb3 39. R4c3 a4 40. Rxb3 axb3 41. Rc3 Re8 42. Qf3 Qb5 43. Rxb3 Qc4 44. Re3 Qc1 45. Re2 Rf8 0-1

[Event "Ruhrgebiet Regionalliga 1314"]
[Site "Ruhrgebiet"]
[Date "2013.11.10"]
[Round "3.8"]
[White "Steinke, Matthias"]
[Black "Hart, Klaus"]
[Result "1-0"]
[WhiteElo "1876"]
[BlackElo "1695"]
[PlyCount "125"]
[EventDate "2013.09.22"]
[EventType "team-tourn"]
[EventRounds "9"]
[EventCountry "GER"]
[SourceTitle "EXT 2024"]
[Source "ChessBase"]
[SourceDate "2023.10.10"]
[SourceVersion "1"]
[SourceVersionDate "2023.10.10"]
[SourceQuality "1"]
[WhiteTeam "Gerthe Werne"]
[BlackTeam "Bochum II"]
[WhiteTeamCountry "GER"]
[BlackTeamCountry "GER"]

1. d4 d5 2. Nf3 Nf6 3. Bf4 e6 4. e3 c5 5. Nbd2 Qb6 6. Rb1 Nc6 7. c3 Be7 8. Bd3 Bd7 9. h3 h6 10. 0-0 a6 11. Ne5 Nxe5 12. Bxe5 Bb5 13. Qe2 Ba4 14. b3 Bc6 15. c4 0-0 16. Rfc1 cxd4 17. Bxd4 Qa5 18. c5 Nd7 19. b4 Qd8 20. Ra1 e5 21. Bb2 e4 22. Bc2 Bf6 23. Bxf6 Qxf6 24. Nb3 Bb5 25. Qd2 Bc6 26. Bd1 Ne5 27. Be2 Rad8 28. Qd4 Rfe8 29. a4 Qg5 30. Kh2 f5 31. b5 axb5 32. axb5 f4 33. exf4 Qxf4+ 34. g3 Qf6 35. bxc6 bxc6 36. Kg2 Rb8 37. Rcb1 Qf7 38. Nd2 Rxb1 39. Rxb1 Qa7 40. Ra1 Qb7 41. Qc3 Qe7 42. Nf1 Nd7 43. Ra6 Rc8 44. Ra5 Rb8 45. Bg4 Ne5 46. Be2 Qg5 47. Ne3 Ng6 48. Ng4 Rb7 49. Qe3 Qd8 50. Ra6 Qc8 51. Qa3 Kh7 52. Qa4 Rb2 53. Rxc6 Qf8 54. Qa6 Ne7 55. Rb6 Rc2 56. c6 d4 57. c7 h5 58. Rb8 Qf5 59. Rb5 Rc5 60. Rxc5 Qxc5 61. Nh2 d3 62. Bxd3 exd3 63. Qxd3+ 1-0

[Event "Ruhrgebiet Verbandsliga2 1213"]
[Site "Nordrheinwestfalen"]
[Date "2012.10.28"]
[Round "3.7"]
[White "Dreesbach, Harald"]
[Black "Steinke, Matthias"]
[Result "0-1"]
[WhiteElo "1763"]
[BlackElo "1876"]
[PlyCount "58"]
[EventDate "2012.09.02"]
[EventType "team-tourn"]
[EventRounds "9"]
[EventCountry "GER"]
[SourceTitle "EXT 2020"]
[Source "ChessBase"]
[SourceDate "2019.10.17"]
[SourceVersion "1"]
[SourceVersionDate "2019.10.17"]
[SourceQuality "1"]
[WhiteTeam "Ahlen SV II"]
[BlackTeam "Gerthe Werne"]
[WhiteTeamCountry "GER"]
[BlackTeamCountry "GER"]

1. e4 e6 2. d4 d5 3. e5 c5 4. c3 Nc6 5. a3 cxd4 6. cxd4 Nge7 7. Nf3 Nf5 8. b4 Bd7 9. Bb2 Rc8 10. Nc3 Be7 11. Be2 0-0 12. 0-0 f6 13. Na4 b6 14. Ba6 Rc7 15. Re1 Nb8 16. Bd3 fxe5 17. Nxe5 Nc6 18. Nxd7 Qxd7 19. Bb5 Qd6 20. Rc1 Bf6 21. Bxc6 Rxc6 22. Qd3 Rfc8 23. Rcd1 Rc4 24. Qh3 Re8 25. Qg4 Qd7 26. Nc3 Bxd4 27. Qh3 Qf7 28. Rd2 Rec8 29. Qd3 Bxc3 0-1

[Event "Ruhrgebiet Verbandsliga1 1112"]
[Site "Nordrheinwestfalen"]
[Date "2012.04.22"]
[Round "9.6"]
[White "Baerwolf, Steven"]
[Black "Steinke, Matthias"]
[Result "1/2-1/2"]
[WhiteElo "1896"]
[BlackElo "1891"]
[PlyCount "127"]
[EventDate "2012.09.18"]
[EventType "team-tourn"]
[EventRounds "9"]
[EventCountry "GER"]
[SourceTitle "EXT 2020"]
[Source "ChessBase"]
[SourceDate "2019.10.17"]
[SourceVersion "1"]
[SourceVersionDate "2019.10.17"]
[SourceQuality "1"]
[WhiteTeam "Horst Emscher II"]
[BlackTeam "Gerthe Werne"]
[WhiteTeamCountry "GER"]
[BlackTeamCountry "GER"]

1. e4 e6 2. d4 d5 3. Nc3 Bb4 4. e5 c5 5. a3 Bxc3+ 6. bxc3 Qc7 7. Qg4 f5 8. Qh5+ Qf7 9. Qd1 Qc7 10. Nf3 Nc6 11. Be2 Nge7 12. 0-0 Bd7 13. a4 b6 14. Ba3 Na5 15. c4 dxc4 16. dxc5 bxc5 17. Qd6 Rc8 18. Qxc7 Rxc7 19. Nd2 c3 20. Nc4 Nxc4 21. Bxc4 Nd5 22. Rfd1 Nb6 23. Bb5 Ke7 24. Rd6 Rd8 25. Rad1 Nd5 26. Rb1 Bc8 27. Rxd8 Kxd8 28. Bf1 Bd7 29. Rb8+ Rc8 30. Rxc8+ Kxc8 31. Bxc5 Bxa4 32. Bc4 Kb7 33. Bxd5+ exd5 34. Bd4 Bxc2 35. Bxc3 Kc6 36. f4 Kc5 37. Kf2 d4 38. Bb2 Kc4 39. Ke2 Kd5 40. g3 Bb3 41. e6 Ke4 42. e7 Ba4 43. Ba3 a5 44. Bc5 Bb5+ 45. Kd2 d3 46. Ba3 Kf3 47. e8Q Bxe8 48. Kxd3 Kg2 49. Ke3 Kxh2 50. Kf2 Kh3 51. Bb2 g6 52. Ba3 Kg4 53. Bf8 a4 54. Be7 h6 55. Bf8 Kh5 56. Be7 Bc6 57. Bd6 g5 58. fxg5 Kxg5 59. Bf4+ Kh5 60. Bc1 Kg6 61. Ke3 Kg5 62. Kd4+ Kg4 63. Bxh6 Kxg3 64. Kc3 1/2-1/2

[Event "Ruhrgebiet Verbandsliga1 1112"]
[Site "Nordrheinwestfalen"]
[Date "2012.03.25"]
[Round "8.8"]
[White "Steinke, Matthias"]
[Black "Koscielski, Janusch"]
[Result "0-1"]
[WhiteElo "1891"]
[BlackElo "2284"]
[PlyCount "102"]
[EventDate "2012.09.18"]
[EventType "team-tourn"]
[EventRounds "9"]
[EventCountry "GER"]
[SourceTitle "EXT 2020"]
[Source "ChessBase"]
[SourceDate "2019.10.17"]
[SourceVersion "1"]
[SourceVersionDate "2019.10.17"]
[SourceQuality "1"]
[WhiteTeam "Gerthe Werne"]
[BlackTeam "Herne Sodingen II"]
[WhiteTeamCountry "GER"]
[BlackTeamCountry "GER"]

1. d4 g6 2. c4 Bg7 3. Nc3 d6 4. e4 Nf6 5. f4 c5 6. d5 0-0 7. Nf3 e6 8. Be2 exd5 9. exd5 Bf5 10. 0-0 Re8 11. Bd3 Ne4 12. Nxe4 Bxe4 13. Qc2 Bxd3 14. Qxd3 Nd7 15. Rb1 Qe7 16. Bd2 Qe4 17. Qxe4 Rxe4 18. b3 a6 19. Rfe1 Nf6 20. g3 b5 21. Ng5 Rxe1+ 22. Bxe1 h6 23. Nf3 Ne4 24. Kf1 Rb8 25. Rc1 bxc4 26. Rxc4 Nf6 27. Ra4 Ra8 28. Nd2 Nxd5 29. Nc4 Bf8 30. Ke2 Re8+ 31. Kd2 Nc7 32. Bf2 f6 33. Ra5 Kf7 34. Kd3 h5 35. h4 Ke6 36. Nd2 f5 37. Nf3 Be7 38. a3 Rb8 39. Kc2 Kd7 40. Nd2 Rb5 41. Rxb5 axb5 42. Kd3 Kc6 43. Nf3 Bf6 44. Be1 d5 45. Bc3 d4 46. Ba5 Ne8 47. Be1 Kd5 48. Nd2 Nd6 49. a4 bxa4 50. bxa4 c4+ 51. Kc2 d3+ 0-1

[Event "Ruhrgebiet Verbandsliga1 1112"]
[Site "Nordrheinwestfalen"]
[Date "2011.11.13"]
[Round "3.8"]
[White "Klaus, Michael"]
[Black "Steinke, Matthias"]
[Result "1/2-1/2"]
[WhiteElo "1844"]
[BlackElo "1891"]
[PlyCount "128"]
[EventDate "2012.09.18"]
[EventType "team-tourn"]
[EventRounds "9"]
[EventCountry "GER"]
[SourceTitle "EXT 2020"]
[Source "ChessBase"]
[SourceDate "2019.10.17"]
[SourceVersion "1"]
[SourceVersionDate "2019.10.17"]
[SourceQuality "1"]
[WhiteTeam "Koenigsspringer Hamm"]
[BlackTeam "Gerthe Werne"]
[WhiteTeamCountry "GER"]
[BlackTeamCountry "GER"]

1. e4 e6 2. d4 d5 3. exd5 exd5 4. Bd3 Bd6 5. Nf3 Ne7 6. 0-0 Bf5 7. Re1 0-0 8. Nc3 Bxd3 9. Qxd3 c6 10. Ne2 Ng6 11. Ng3 Bxg3 12. hxg3 Nd7 13. Bd2 Qc7 14. Re2 Rfe8 15. Rae1 Rxe2 16. Rxe2 Nf6 17. Bb4 Re8 18. Rxe8+ Nxe8 19. Qf5 Nf6 20. b3 Qd7 21. Qxd7 Nxd7 22. Kf1 f6 23. Ke2 Kf7 24. Kd3 Ke6 25. Nd2 b6 26. Ba3 f5 27. Ke3 Nf6 28. f3 Nh5 29. Nf1 Ne7 30. Bxe7 Kxe7 31. a3 g5 32. Kf2 Nf6 33. Ne3 Ke6 34. Ke2 h5 35. Nd1 Ne8 36. Nf2 Nd6 37. Kd3 a5 38. a4 b5 39. c3 bxa4 40. bxa4 Nc4 41. Nd1 Kf6 42. Ke2 Kg6 43. Kf2 g4 44. Ke2 Kg5 45. Kf2 gxf3 46. gxf3 f4 47. Kg2 fxg3 48. Kxg3 h4+ 49. Kg2 Nb6 50. Nb2 Kf4 51. Kf2 Kg5 52. Kg2 Nc4 53. Nd3 Ne3+ 54. Kg1 Nd1 55. Ne5 Nxc3 56. Nxc6 Nxa4 57. Nxa5 Kf4 58. Kf2 Nc3 59. Nc6 h3 60. Ne5 Nd1+ 61. Kg1 Kg3 62. Nd3 Kxf3 63. Kh2 Ke3 64. Nb4 Kxd4 1/2-1/2

[Event "Ruhrgebiet VK1 0708"]
[Site "Germany"]
[Date "2008.04.27"]
[Round "9.7"]
[White "Ohmstede, Rudolf"]
[Black "Steinke, Matthias"]
[Result "1/2-1/2"]
[WhiteElo "1560"]
[BlackElo "1866"]
[PlyCount "62"]
[EventDate "2007.09.16"]
[EventType "team"]
[EventRounds "9"]
[EventCountry "GER"]
[SourceTitle "EXT 2009"]
[Source "ChessBase"]
[SourceDate "2008.11.26"]
[SourceVersion "1"]
[SourceVersionDate "2008.11.26"]
[SourceQuality "1"]
[WhiteTeam "Oberhausen II"]
[BlackTeam "Gerthe"]
[WhiteTeamCountry "GER"]
[BlackTeamCountry "GER"]

1. d4 Nf6 2. c3 e6 3. e3 d5 4. f4 c5 5. Nf3 Nc6 6. Bd3 Bd6 7. 0-0 0-0 8. Qe2 Ne4 9. Nbd2 f5 10. Ne5 Rf6 11. Ndf3 Bd7 12. Bd2 Nxd2 13. Qxd2 Be8 14. Kh1 Bh5 15. Qf2 c4 16. Be2 Bxf3 17. Nxf3 b5 18. Rg1 a5 19. g4 Ne7 20. Ne5 Bxe5 21. dxe5 Rf8 22. gxf5 Nxf5 23. Bg4 Rb8 24. Rad1 Qe7 25. Bxf5 Rxf5 26. a3 Rff8 27. Rg2 b4 28. axb4 axb4 29. cxb4 Qxb4 30. Rdg1 Rb7 31. Qe2 Qa4 1/2-1/2

[Event "Ruhrgebiet VK1 0708"]
[Site "Germany"]
[Date "2007.10.21"]
[Round "2.7"]
[White "Vierbuchen, Joachim"]
[Black "Steinke, Matthias"]
[Result "1-0"]
[WhiteElo "1873"]
[BlackElo "1880"]
[PlyCount "81"]
[EventDate "2007.09.16"]
[EventType "team"]
[EventRounds "9"]
[EventCountry "GER"]
[SourceTitle "EXT 2009"]
[Source "ChessBase"]
[SourceDate "2008.11.26"]
[SourceVersion "1"]
[SourceVersionDate "2008.11.26"]
[SourceQuality "1"]
[WhiteTeam "Hamm"]
[BlackTeam "Gerthe"]
[WhiteTeamCountry "GER"]
[BlackTeamCountry "GER"]

1. d4 Nf6 2. c4 e6 3. Nc3 Bb4 4. e3 c5 5. Bd3 Nc6 6. Nf3 d6 7. 0-0 Bxc3 8. bxc3 e5 9. e4 0-0 10. Bg5 b6 11. Qe2 h6 12. Bh4 Bg4 13. d5 Nb8 14. h3 Bh5 15. g4 Bg6 16. Nd2 Nbd7 17. Bc2 Qc7 18. Ba4 Nh7 19. Bg3 f6 20. h4 Be8 21. Kh2 Rf7 22. f3 Ndf8 23. Bxe8 Rxe8 24. Rfb1 g6 25. Rg1 Kh8 26. Qe3 Kg7 27. h5 gxh5 28. gxh5 Ng5 29. f4 exf4 30. Qxf4 Qd7 31. Qh4 Rxe4 32. Nxe4 Nf3+ 33. Kh1 Nxh4 34. Bxh4+ Kh7 35. Rg3 Qe7 36. Re1 Kh8 37. Kh2 Qe5 38. Nxf6 Rxf6 39. Rxe5 Rf2+ 40. Kg1 dxe5 41. Kxf2 1-0

[Event "Ruhrgebiet VK1 0708"]
[Site "Germany"]
[Date "2007.09.16"]
[Round "1.7"]
[White "Steinke, Matthias"]
[Black "Volbracht, Michael"]
[Result "1/2-1/2"]
[WhiteElo "1880"]
[BlackElo "1781"]
[PlyCount "46"]
[EventDate "2007.09.16"]
[EventType "team"]
[EventRounds "9"]
[EventCountry "GER"]
[SourceTitle "EXT 2009"]
[Source "ChessBase"]
[SourceDate "2008.11.26"]
[SourceVersion "1"]
[SourceVersionDate "2008.11.26"]
[SourceQuality "1"]
[WhiteTeam "Gerthe"]
[BlackTeam "Welper SV II"]
[WhiteTeamCountry "GER"]
[BlackTeamCountry "GER"]

1. d4 d5 2. Nf3 Nf6 3. Bf4 Bg4 4. Nbd2 e6 5. h3 Bh5 6. c3 Nbd7 7. e3 Be7 8. Be2 0-0 9. 0-0 c5 10. Re1 cxd4 11. cxd4 Qb6 12. Qb3 Qxb3 13. Nxb3 Rac8 14. Rac1 Bb4 15. Red1 Ne4 16. a3 Bd6 17. Na5 Bxf4 18. exf4 Bxf3 19. Bxf3 Nd6 20. Be2 Nb8 21. g4 g6 22. f3 b6 23. Nb3 Rxc1 1/2-1/2

[Event "Ruhrgebiet VK1 0405"]
[Site "Ruhrgebiet"]
[Date "2005.04.10"]
[Round "9.7"]
[White "Inderhees, Frank"]
[Black "Steinke, Matthias"]
[Result "0-1"]
[WhiteElo "1825"]
[BlackElo "1882"]
[PlyCount "62"]
[EventDate "2004.09.12"]
[EventType "team"]
[EventRounds "9"]
[EventCountry "GER"]
[SourceTitle "EXT 2006"]
[Source "ChessBase"]
[SourceDate "2005.11.24"]
[SourceVersion "1"]
[SourceVersionDate "2005.11.24"]
[SourceQuality "1"]
[WhiteTeam "Essen West II"]
[BlackTeam "Gerthe"]
[WhiteTeamCountry "GER"]
[BlackTeamCountry "GER"]

1. e4 e6 2. Nf3 d5 3. exd5 exd5 4. d4 Bd6 5. Bd3 Ne7 6. Bg5 f6 7. Bh4 Bf5 8. Bxf5 Nxf5 9. 0-0 0-0 10. Qd3 Qd7 11. Nc3 c6 12. Ne2 Na6 13. c3 Rae8 14. b4 Re4 15. Bg3 Rfe8 16. Bxd6 Nxd6 17. Ng3 R4e7 18. Nd2 Nc7 19. a4 Ne6 20. Nf5 Nxf5 21. Qxf5 Nxd4 22. Qd3 Ne2+ 23. Kh1 Nf4 24. Qd4 Ne2 25. Qd3 Qe6 26. Ra3 Qe5 27. c4 Nf4 28. Qc2 dxc4 29. Qxc4+ Nd5 30. Re3 Qf4 31. Rxe7 Rxe7 0-1

[Event "Ruhrgebiet VK1 0405"]
[Site "Ruhrgebiet"]
[Date "2005.01.09"]
[Round "5.6"]
[White "Morgenroth, Hubertus"]
[Black "Steinke, Matthias"]
[Result "0-1"]
[WhiteElo "1679"]
[BlackElo "1882"]
[PlyCount "108"]
[EventDate "2004.09.12"]
[EventType "team"]
[EventRounds "9"]
[EventCountry "GER"]
[SourceTitle "EXT 2006"]
[Source "ChessBase"]
[SourceDate "2005.11.24"]
[SourceVersion "1"]
[SourceVersionDate "2005.11.24"]
[SourceQuality "1"]
[WhiteTeam "Dortmund 1926"]
[BlackTeam "Gerthe"]
[WhiteTeamCountry "GER"]
[BlackTeamCountry "GER"]

1. e4 e6 2. d4 d5 3. exd5 exd5 4. Bd3 Bd6 5. Ne2 Ne7 6. Nbc3 c6 7. 0-0 Qc7 8. Ng3 0-0 9. Qh5 f5 10. Nce2 g6 11. Qg5 Kh8 12. Nf4 Na6 13. c3 Bd7 14. Bd2 Rae8 15. Rfe1 Qc8 16. Qh6 Kg8 17. Nfh5 Rf7 18. Bg5 Ref8 19. Nf4 Nc7 20. Qh4 Bxf4 21. Bxf4 Ne6 22. Re5 Nxf4 23. Qxf4 Re8 24. Rae1 Kg7 25. Qg5 Qd8 26. Nh5+ Kh8 27. Nf6 Ng8 28. Rxe8 Bxe8 29. Rxe8 Qxf6 30. Qxf6+ Rxf6 31. Re2 Kg7 32. g3 Kf7 33. f4 Re6 34. Rxe6 Kxe6 35. Kf2 Nf6 36. Kf3 Kd6 37. h3 h5 38. Ke3 a5 39. a4 b6 40. Kf3 Ne4 41. Be2 Nf6 42. Ke3 c5 43. Bd3 c4 44. Be2 Kc6 45. Bd1 b5 46. axb5+ Kxb5 47. Bc2 a4 48. Bd1 Ne4 49. g4 Nxc3 50. Bf3 hxg4 51. hxg4 Ne4 52. gxf5 gxf5 53. Bd1 c3 54. bxc3 Nxc3 0-1

[Event "Ruhrgebiet VK2 0304"]
[Site "Ruhrgebiet"]
[Date "2003.11.09"]
[Round "3.6"]
[White "Steinke, Matthias"]
[Black "Hagermann, Hermann"]
[Result "1/2-1/2"]
[WhiteElo "1887"]
[BlackElo "1776"]
[PlyCount "87"]
[EventDate "2003.09.28"]
[EventType "team"]
[EventRounds "9"]
[EventCountry "GER"]
[SourceTitle "EXT 2007"]
[Source "ChessBase"]
[SourceDate "2006.11.23"]
[SourceVersion "1"]
[SourceVersionDate "2006.11.23"]
[SourceQuality "1"]
[WhiteTeam "Gerthe"]
[BlackTeam "Erkenschwick II"]
[WhiteTeamCountry "GER"]
[BlackTeamCountry "GER"]

1. d4 Nf6 2. Nf3 e6 3. Bf4 c5 4. c3 b6 5. e3 Be7 6. Nbd2 0-0 7. Be2 Bb7 8. 0-0 Nh5 9. Bxb8 Rxb8 10. Ne5 Nf6 11. Bf3 d5 12. Re1 Ne4 13. Bxe4 dxe4 14. Qa4 Qc7 15. Qd7 Rbc8 16. Qxc7 Rxc7 17. f3 f6 18. Ng4 exf3 19. Nxf3 Rd7 20. Nf2 Rfd8 21. Rad1 Kf7 22. b3 Bd6 23. dxc5 Bxc5 24. Rxd7+ Rxd7 25. Rd1 Rxd1+ 26. Nxd1 Be4 27. Kf2 e5 28. b4 Be7 29. Nd2 Bd5 30. a3 b5 31. Nb2 a5 32. bxa5 Bxa3 33. Nd3 Bd6 34. Nb4 Ba8 35. Nb1 Ke7 36. Na3 Bxb4 37. cxb4 Bc6 38. Nb1 Kd7 39. Nc3 e4 40. Kg3 Ke6 41. h4 Ke5 42. Kf2 h5 43. Ne2 Bb7 44. Nc3 1/2-1/2

[Event "Bochum-ch"]
[Site "Bochum"]
[Date "2002.12.19"]
[Round "9"]
[White "Mueller, Falk"]
[Black "Steinke, Matthias"]
[Result "1-0"]
[WhiteElo "2002"]
[BlackElo "1879"]
[PlyCount "79"]
[EventDate "2002.10.23"]
[EventType "swiss"]
[EventRounds "9"]
[EventCountry "GER"]
[SourceTitle "EXT 2006"]
[Source "ChessBase"]
[SourceDate "2005.11.24"]
[SourceVersion "1"]
[SourceVersionDate "2005.11.24"]
[SourceQuality "1"]

1. e4 e6 2. d4 d5 3. Nc3 Bb4 4. e5 Ne7 5. Qg4 Nf5 6. Bg5 Be7 7. Bxe7 Qxe7 8. Nf3 h5 9. Qf4 Nc6 10. Bb5 Bd7 11. Bxc6 Bxc6 12. 0-0 0-0-0 13. a4 g5 14. Qxg5 Qd7 15. b4 Rdg8 16. Qd2 Qe7 17. b5 Be8 18. Ne2 h4 19. Kh1 Rh7 20. Rfc1 Rhg7 21. Nf4 f6 22. c4 fxe5 23. dxe5 h3 24. g3 dxc4 25. Rxc4 Bg6 26. Rac1 Qa3 27. Qc3 Qxc3 28. R4xc3 Re7 29. Ng1 Nd4 30. Nxg6 Rxg6 31. Rd3 Nf5 32. Nxh3 Rh7 33. Nf4 Rgh6 34. h3 Rd7 35. Rcd1 Rxd3 36. Rxd3 a6 37. Kg2 axb5 38. axb5 c5 39. bxc6 bxc6 40. g4 1-0

[Event "Bochum-ch"]
[Site "Bochum"]
[Date "2002.12.11"]
[Round "8"]
[White "Steinke, Matthias"]
[Black "Bartel, Mario"]
[Result "1/2-1/2"]
[WhiteElo "1879"]
[BlackElo "2236"]
[PlyCount "37"]
[EventDate "2002.10.23"]
[EventType "swiss"]
[EventRounds "9"]
[EventCountry "GER"]
[SourceTitle "EXT 2006"]
[Source "ChessBase"]
[SourceDate "2005.11.24"]
[SourceVersion "1"]
[SourceVersionDate "2005.11.24"]
[SourceQuality "1"]

1. d4 d5 2. Nf3 Nf6 3. Bf4 e6 4. Nbd2 c5 5. c3 Nc6 6. e3 Bd6 7. Bg3 0-0 8. Bd3 b6 9. e4 dxe4 10. Nxe4 Nxe4 11. Bxe4 Bb7 12. dxc5 Bxc5 13. 0-0 Qc8 14. Qe2 Be7 15. Rfd1 Bf6 16. Rd2 Na5 17. Bxb7 Nxb7 18. Rad1 Nc5 19. Be5 1/2-1/2

[Event "Bochum-ch"]
[Site "Bochum"]
[Date "2002.11.20"]
[Round "5"]
[White "Ebersbach, Hans Joachim"]
[Black "Steinke, Matthias"]
[Result "0-1"]
[WhiteElo "1530"]
[BlackElo "1879"]
[PlyCount "44"]
[EventDate "2002.10.23"]
[EventType "swiss"]
[EventRounds "9"]
[EventCountry "GER"]
[SourceTitle "EXT 2006"]
[Source "ChessBase"]
[SourceDate "2005.11.24"]
[SourceVersion "1"]
[SourceVersionDate "2005.11.24"]
[SourceQuality "1"]

1. e4 e6 2. d4 d5 3. Nd2 c5 4. Ne2 Nc6 5. c3 Qb6 6. exd5 exd5 7. Nf3 c4 8. Ng3 Nf6 9. b3 cxb3 10. Qxb3 Qc7 11. Bd3 Bg4 12. Be2 Be7 13. 0-0 0-0 14. Re1 Rfe8 15. Rb1 Na5 16. Qc2 Rac8 17. h3 Bxf3 18. Bxf3 Bd6 19. Bg5 Bxg3 20. fxg3 Qxg3 21. Qc1 Rxe1+ 22. Qxe1 Qxg5 0-1

[Event "Bochum-ch"]
[Site "Bochum"]
[Date "2002.11.07"]
[Round "3"]
[White "Gohla, Ulf"]
[Black "Steinke, Matthias"]
[Result "1/2-1/2"]
[WhiteElo "1991"]
[BlackElo "1879"]
[PlyCount "91"]
[EventDate "2002.10.23"]
[EventType "swiss"]
[EventRounds "9"]
[EventCountry "GER"]
[SourceTitle "EXT 2006"]
[Source "ChessBase"]
[SourceDate "2005.11.24"]
[SourceVersion "1"]
[SourceVersionDate "2005.11.24"]
[SourceQuality "1"]

1. d4 Nf6 2. Nc3 d5 3. e4 e6 4. Bg5 Be7 5. e5 Nfd7 6. Bxe7 Qxe7 7. f4 a6 8. a4 c5 9. Nf3 Nc6 10. Na2 cxd4 11. Nxd4 Nxd4 12. Qxd4 f6 13. exf6 Qxf6 14. Qxf6 gxf6 15. 0-0-0 Nc5 16. Nc3 Bd7 17. f5 0-0-0 18. fxe6 Bxe6 19. Rd4 f5 20. g3 Ne4 21. Bh3 Rhf8 22. Nxe4 dxe4 23. Rhd1 Rxd4 24. Rxd4 Rd8 25. Rxd8+ Kxd8 26. Kd2 Ke7 27. Bf1 a5 28. Ke3 Kd6 29. Kd4 b6 30. Be2 Bd7 31. b3 Bc6 32. Bd1 b5 33. c3 h6 34. axb5 Bxb5 35. Bh5 a4 36. bxa4 Bxa4 37. Be2 Bc6 38. h3 Bd5 39. c4 Bc6 40. h4 Ba4 41. g4 Ke6 42. g5 hxg5 43. hxg5 Bc6 44. c5 f4 45. Bg4+ Kf7 46. Bh5+ 1/2-1/2

[Event "Bochum-ch"]
[Site "Bochum"]
[Date "2002.10.23"]
[Round "1"]
[White "Jellinghaus, Lars"]
[Black "Steinke, Matthias"]
[Result "1-0"]
[WhiteElo "2208"]
[BlackElo "1879"]
[PlyCount "63"]
[EventDate "2002.10.23"]
[EventType "swiss"]
[EventRounds "9"]
[EventCountry "GER"]
[SourceTitle "EXT 2006"]
[Source "ChessBase"]
[SourceDate "2005.11.24"]
[SourceVersion "1"]
[SourceVersionDate "2005.11.24"]
[SourceQuality "1"]

1. d4 Nf6 2. c4 e6 3. Nc3 d5 4. cxd5 exd5 5. Bg5 Be7 6. e3 c6 7. Qc2 Nbd7 8. Bd3 h6 9. Bh4 Nh5 10. Bxe7 Qxe7 11. Nge2 Nb6 12. h3 0-0 13. g4 Nf6 14. 0-0-0 c5 15. Kb1 c4 16. Bf5 g6 17. Bxc8 Raxc8 18. Ng3 Rfe8 19. h4 Ne4 20. Ncxe4 dxe4 21. h5 g5 22. d5 Rcd8 23. Nf5 Qf6 24. d6 Rd7 25. Rd4 Nc8 26. Rhd1 b5 27. Rxe4 Rxe4 28. Qxe4 a5 29. Qc6 Qd8 30. Qxc8 Qxc8 31. Ne7+ Rxe7 32. dxe7 1-0

[Event "Bochum-ch"]
[Site "Bochum"]
[Date "2001.11.02"]
[Round "1"]
[White "Mrowetz, Josef"]
[Black "Steinke, Matthias"]
[Result "0-1"]
[WhiteElo "1276"]
[BlackElo "1896"]
[PlyCount "34"]
[EventDate "2001.10.22"]
[EventType "swiss"]
[EventRounds "9"]
[EventCountry "GER"]
[SourceTitle "EXT 2006"]
[Source "ChessBase"]
[SourceDate "2005.11.24"]
[SourceVersion "1"]
[SourceVersionDate "2005.11.24"]
[SourceQuality "1"]

1. Nh3 d5 2. g3 Bf5 3. f4 Nf6 4. Bg2 e6 5. d4 Nbd7 6. Nf2 h5 7. h3 c5 8. c3 Rc8 9. Nd2 cxd4 10. e4 dxe3 11. Nf3 exf2+ 12. Ke2 Ne4 13. Rh2 Rxc3 14. Be3 Rxe3+ 15. Kxe3 Qb6+ 16. Nd4 Nxg3 17. Rc1 Bc5 0-1

[Event "Ruhrgebiet VK1 0001"]
[Site "Ruhrgebiet"]
[Date "2001.05.13"]
[Round "9"]
[White "Hackl, Rene"]
[Black "Steinke, Matthias"]
[Result "1/2-1/2"]
[WhiteElo "1955"]
[BlackElo "1886"]
[PlyCount "68"]
[EventDate "2000.09.17"]
[EventType "team-tourn"]
[EventRounds "9"]
[EventCountry "GER"]
[SourceTitle "EXT 2023"]
[Source "ChessBase"]
[SourceDate "2022.10.05"]
[SourceVersion "1"]
[SourceVersionDate "2022.10.05"]
[SourceQuality "1"]
[WhiteTeam "Ahlen II"]
[BlackTeam "Gerthe"]
[WhiteTeamCountry "GER"]
[BlackTeamCountry "GER"]

1. e4 e6 2. d4 d5 3. Nc3 Bb4 4. Qg4 Ne7 5. Qxg7 Rg8 6. Qxh7 dxe4 7. Qxe4 Nbc6 8. Bd2 Qxd4 9. Nf3 Qxe4+ 10. Nxe4 Bxd2+ 11. Kxd2 Kf8 12. c3 b6 13. Kc2 Bb7 14. Ng3 Rd8 15. Rg1 Nd5 16. Re1 Nf4 17. Re4 Ng6 18. Rc4 Rd7 19. h3 Ke7 20. Re4 Na5 21. Re3 Rgd8 22. Bb5 c6 23. Be2 Nf4 24. Bf1 c5 25. Bb5 Nc6 26. Ne2 Nd5 27. Re4 a6 28. Bxc6 Bxc6 29. Ne5 Rd6 30. Nxc6+ Rxc6 31. Nc1 Rcd6 32. g3 f5 33. Re2 Nf6 34. f3 Nh5 1/2-1/2